000
00267nam a2200109Ia 4500
008
200302s9999 xx 000 0 und d
100
_a
R. A. Reynolds
245
_a
Computer Methods for Architects
260
_b
Butterworth & Co. Ltd.
260
_c
1980
300
_a
149 P.,
999
_c
302
_d
302